La franja : de la experiencia universitaria al desafío del poder /

Guardado en:
Autor Principal: Beltrán, Mónica
Formato: Libro
Publicado: Buenos Aires : Aguilar, 2013
Materias:
Etiquetas: Agregar Etiqueta
Sin Etiquetas, Sea el primero en etiquetar este registro!
LEADER 00711nam a22002175a 4500
001 EHU.bham045597
003 AR-BHAM
005 20190522104302.0
008 130507s2013##################000#0#####d
020 |a 9789870429418 
082 3 2 |a 324.982 
100 1 |a Beltrán, Mónica 
245 1 0 |a La franja :  |b de la experiencia universitaria al desafío del poder /  |c  Mónica Beltrán 
260 |a Buenos Aires :  |b Aguilar,  |c 2013 
300 |a 475 p. 
653 |a Franja morada 
653 |a Política argentina contemporánea 
653 |a Federación universitaria argentina 
653 |a Universidad argentina-radicalismo 
653 |a Radicalismo 
859 |a AR-BHAM  |b BIB. HUMANIDADES - General  |h 324.982  |i B419  |p 3629.19  |t Ej.1